UBT Library

COERCION,CAPITAL, AND EUROPEAN STATES, AD 990-1990 (Record no. 15180)

000 -LEADER
fixed length control field 00323nam a22001337a 4500
008 - FIXED-LENGTH DATA ELEMENTS--GENERAL INFORMATION
fixed length control field 170601b xxu||||| |||| 00| 0 eng d
020 ## - INTERNATIONAL STANDARD BOOK NUMBER
International Standard Book Number 9781557860675
041 ## - LANGUAGE CODE
Language code of text/sound track or separate title eng
080 ## - UNIVERSAL DECIMAL CLASSIFICATION NUMBER
Universal Decimal Classification number 94(100)
100 ## - Rafti
Rafti 17
101 ## - Shkurtesa
Shkurtesa SHH
245 ## - TITLE STATEMENT
Title COERCION,CAPITAL, AND EUROPEAN STATES, AD 990-1990
Statement of responsibility, etc TILLY, CH
942 ## - ADDED ENTRY ELEMENTS (KOHA)
Source of classification or shelving scheme
Item type Books

No items available.

UBT Library © 2015-2024. All rights reserved University Education for Business and Technology